000 01409nam0a2200313 4500
001 RU\NLR\BIBL_A\022493890
005 20260420041258.0
010 _a978-5-907968-13-4
_9300
021 _aRU
_bКН-П-25-001024
_9КН-П-25-0084
035 _a(NLR Aleph) 022493890
090 _a13671124
_c13671124
100 _a20250318d2024 k y0rusy50 ca
101 0 _arus
102 _aRU
105 _ay z 000yy
181 0 _ai3
_baxxe
182 0 _an
200 1 _aИстория педагогической идеи дагестанской интеллигенции
_eмонография
_fКагирова А. Х.
_gМинистерство науки и высшего образования Российской Федерации, ФГБОУ ВО "Дагестанский государственный университет", Филиал в г. Избербаше
203 _aТекст
_bвизуальный
_cнепосредственный
210 _aИзбербаш
_cДГУ
_d2024
215 _a86 с.
_d21
320 _aБиблиогр.: с. 70-86 (230 назв.)
606 1 _aПедагогика
_xИстория
_yДагестан
_92431180
_3RU\NLR\AUTH\6601665290
686 1 _aЧ33(2Р-6Д)
700 1 _aКагирова
_bА. Х.
_gАсият Хасбулаевна
942 _cBOOK
980 _aNB